[Event "Vaujany 2019 Principal"]
[Site "?"]
[Date "2019.07.18"]
[Round "8.3"]
[White "Neelotpal, Das"]
[Black "Konguvel, Ponnuswamy"]
[Result "1-0"]
[WhiteElo "2406"]
[BlackElo "2343"]
[PlyCount "55"]

{[%evp 0,55,29,24,24,-4,4,4,60,3,4,3,5,-7,4,30,42,-11,22,3,20,20,42,22,15,-1,
-11,-16,1,3,-3,-3,4,-14,-8,0,1,-1,20,-3,5,-27,-13,-27,-39,-31,-32,-32,-41,-68,
-60,-60,-50,-28,-44,-32,-38,-44]} 1. d4 Nf6 2. Bg5 d5 3. e3 c5 4. Bxf6 gxf6 5.
dxc5 e6 6. Nf3 Nd7 7. c4 dxc4 8. c6 Nb6 9. Nbd2 c3 10. bxc3 bxc6 11. Qc2 Bg7
12. e4 O-O 13. Bd3 c5 14. a4 Bb7 15. O-O Qc7 16. Rfd1 Rad8 17. a5 Nc8 18. Nc4
Kh8 19. Be2 Ne7 20. Nfd2 f5 21. Bf3 Ba6 22. Be2 Rg8 23. exf5 Nxf5 24. Nf3 Bb7
25. Rxd8 Qxd8 26. a6 Bd5 27. Rd1 Bf6 28. g3 {...} 1-0

[Event "Vaujany 2019 Principal"]
[Site "?"]
[Date "2019.07.18"]
[Round "8.4"]
[White "Bokros, Albert"]
[Black "Sundararajan, Kidambi"]
[Result "1/2-1/2"]
[WhiteElo "2472"]
[BlackElo "2413"]
[PlyCount "82"]

{[%evp 0,82,29,29,41,24,18,36,56,46,59,11,4,3,14,0,46,31,24,21,16,16,22,-3,22,
7,13,5,22,8,15,3,23,20,25,13,20,3,7,-1,28,11,26,14,21,11,34,35,27,22,8,0,7,-34,
-16,-30,-30,-50,-52,-9,0,0,0,0,0,1,63,80,80,31,31,-36,-18,-50,-32,-53,-30,-36,
0,-41,264,-321,0,0,0]} 1. e4 e6 2. d4 d5 3. Nc3 Nf6 4. e5 Nfd7 5. f4 c5 6. Nf3
Nc6 7. Be3 Be7 8. Qd2 O-O 9. Be2 a6 10. O-O b5 11. Nd1 cxd4 12. Nxd4 Bb7 13.
Nf2 Rc8 14. Rad1 Qc7 15. c3 Nc5 16. Nxc6 Qxc6 17. Bd4 Ne4 18. Nxe4 dxe4 19. Qe3
b4 20. c4 Rfd8 21. Bb6 Rxd1 22. Rxd1 h6 23. b3 a5 24. Kf1 a4 25. Bd4 Ra8 26. g4
Bh4 27. Bc5 axb3 28. axb3 g5 29. f5 exf5 30. gxf5 Qc8 31. e6 fxe6 32. f6 e5 33.
Kg1 g4 34. Be7 Kh7 35. Bxb4 Bxf6 36. Rf1 Bg5 37. Qb6 Bf4 38. Qf6 Qd7 39. Rd1
Ra1 40. Rf1 Qd4+ 41. Kg2 e3+ 1/2-1/2

[Event "Vaujany 2019 Principal"]
[Site "Vaujany"]
[Date "2019.07.18"]
[Round "8.5"]
[White "Satyapragyan, Swayangsu"]
[Black "Womacka, Mathias"]
[Result "1/2-1/2"]
[WhiteElo "2390"]
[BlackElo "2449"]
[PlyCount "36"]
[EventDate "2019.07.??"]
[EventRounds "9"]

1. e4 c5 2. Nf3 d6 3. d4 cxd4 4. Nxd4 Nf6 5. Nc3 a6 6. Bd3 Nc6 7. Nxc6 bxc6 8.
O-O g6 9. b3 Bg7 10. Bb2 O-O 11. Na4 Qc7 12. h3 Nd7 13. Bxg7 Kxg7 14. Qd2 Nb6
15. Qa5 Nd5 16. Qd2 Nb6 17. Qa5 Nd5 18. Qd2 Nb6 1/2-1/2

[Event "Vaujany 2019 Principal"]
[Site "?"]
[Date "2019.07.18"]
[Round "8.6"]
[White "Saravanan, V.."]
[Black "Di Nicolantonio, Lucas"]
[Result "0-1"]
[WhiteElo "2332"]
[BlackElo "2396"]
[PlyCount "78"]

{[%evp 0,78,29,22,22,22,24,-3,-14,-4,45,38,47,25,18,18,30,44,49,38,35,29,31,14,
30,13,8,10,26,-7,-14,-59,-4,-27,-27,-30,21,-20,-35,-6,-33,-33,-35,-43,-61,-57,
-56,-64,-10,-4,-26,-74,64,-80,-85,-97,-106,-102,-109,-106,-106,-106,-113,-117,
-109,-99,-93,-193,-184,-173,-172,-184,-194,-216,-189,-200,-173,-177,-239,-501,
-624]} 1. Nf3 d5 2. d4 Nf6 3. c4 e6 4. Nc3 c6 5. e3 Nbd7 6. Qc2 Bd6 7. Bd3 O-O
8. O-O dxc4 9. Bxc4 b5 10. Be2 a6 11. e4 e5 12. Bg5 h6 13. Bh4 exd4 14. Nxd4
Qc7 15. Kh1 Re8 16. Nf5 Be5 17. Bg3 c5 18. Bxe5 Nxe5 19. f4 Neg4 20. Bxg4 Nxg4
21. Nd5 Qd8 22. Rad1 Bxf5 23. exf5 Qh4 24. g3 Qh5 25. f6 g6 26. Rd2 Nxh2 27.
Ne7+ Rxe7 28. Rxh2 Qd5+ 29. Qg2 Qxg2+ 30. Kxg2 Re2+ 31. Rf2 Rxf2+ 32. Kxf2 Rd8
33. Rxh6 Rd2+ 34. Ke3 Rxb2 35. g4 Rxa2 36. g5 c4 37. Rh1 c3 38. Rd1 Rd2 39. Re1
b4 0-1

[Event "Vaujany 2019 Principal"]
[Site "Vaujany"]
[Date "2019.07.18"]
[Round "8.7"]
[White "Li, Henry"]
[Black "Varga, Zoltan"]
[Result "1/2-1/2"]
[WhiteElo "2249"]
[BlackElo "2445"]
[PlyCount "80"]
[EventDate "2019.07.??"]
[EventRounds "9"]

1. e4 d6 2. d4 Nf6 3. Nc3 Nbd7 4. Nge2 e5 5. g3 c6 6. a4 Be7 7. Bg2 O-O 8. O-O
Re8 9. h3 exd4 10. Nxd4 Bf8 11. g4 Nc5 12. Re1 h6 13. Bf4 a5 14. Qd2 Qb6 15. b3
Bd7 16. e5 dxe5 17. Bxe5 Nh7 18. Rad1 Qb4 19. Nb1 Qb6 20. Qf4 Ne6 21. Nxe6 Bxe6
22. Bc3 Rad8 23. Nd2 Bb4 24. Bxb4 axb4 25. Nc4 Bxc4 26. Rxe8+ Rxe8 27. Qxc4 Nf6
28. Qd4 Re1+ 29. Kh2 Qc7+ 30. Qd6 Qxd6+ 31. Rxd6 Re2 32. Rd4 c5 33. Rc4 b6 34.
a5 bxa5 35. Rxc5 Rxf2 36. Kg1 Rd2 37. Rxa5 Rxc2 38. Rb5 Rc1+ 39. Kh2 Rc2 40.
Kg1 Rc1+ 1/2-1/2

[Event "Vaujany 2019 Principal"]
[Site "?"]
[Date "2019.07.18"]
[Round "8.8"]
[White "Aflalo, Sophie"]
[Black "Migot, Tangi"]
[Result "0-1"]
[WhiteElo "2094"]
[BlackElo "2407"]
[PlyCount "53"]

{[%evp 0,53,29,28,30,6,-4,4,13,-1,9,17,40,-2,8,-1,17,0,15,8,17,-21,-25,-26,-58,
-55,-54,-72,-13,-26,-36,-64,-89,-111,-108,-92,-103,-122,-91,-198,-190,-175,
-189,-164,-183,-198,-195,-232,-227,-227,-220,-247,-211,-260,-257,-278]} 1. d4
Nf6 2. Bg5 d5 3. e3 Nbd7 4. Nd2 h6 5. Bf4 e6 6. Bd3 c5 7. c3 Qb6 8. Qb3 c4 9.
Qxb6 axb6 10. Be2 b5 11. h4 b4 12. e4 bxc3 13. bxc3 Nb6 14. e5 Nfd7 15. Nb1 Na4
16. Kd2 Be7 17. Nf3 O-O 18. g4 f6 19. Be3 fxe5 20. Nxe5 Nxe5 21. dxe5 Nc5 22.
Kc2 Nb3 23. axb3 Rxa1 24. Kb2 Ra5 25. bxc4 dxc4 26. Bxc4 Bc5 27. Bd3 0-1

[Event "Vaujany 2019 Principal"]
[Site "?"]
[Date "2019.07.18"]
[Round "8.9"]
[White "Midoux, Sebastien"]
[Black "Valles, Manuel"]
[Result "1-0"]
[WhiteElo "2242"]
[BlackElo "2390"]
[PlyCount "77"]

{[%evp 0,77,29,29,42,19,24,4,-6,5,5,-12,-6,-6,30,19,21,-18,41,32,56,43,41,58,
40,37,37,34,92,63,62,62,69,103,103,105,105,69,73,100,101,122,120,125,167,151,
150,138,145,162,162,162,211,161,266,271,262,0,16,16,27,57,71,70,69,69,69,93,
137,142,137,103,123,19,266,266,556,641,712,678]} 1. e4 e6 2. d4 d5 3. Bd3 dxe4
4. Bxe4 Nf6 5. Bf3 c5 6. Ne2 Be7 7. O-O O-O 8. Be3 Nd5 9. Bxd5 Qxd5 10. Nbc3
Qf5 11. Ng3 Qg6 12. dxc5 Na6 13. Nb5 Nxc5 14. Nc7 Rb8 15. b4 Rd8 16. Qe2 Bd6
17. Nb5 Bxg3 18. hxg3 Ne4 19. Bxa7 Ra8 20. Bb6 Rd2 21. Rfd1 Bd7 22. Rxd2 Bxb5
23. Qxb5 Nxd2 24. Be3 Qxc2 25. Qxb7 Rd8 26. Qe7 Ra8 27. b5 Nb1 28. Qb4 Qd1+ 29.
Kh2 Qh5+ 30. Kg1 Qd1+ 31. Kh2 Qh5+ 32. Qh4 Qxb5 33. a4 Qb3 34. Qe4 Rb8 35. a5
Nc3 36. Qc6 h6 37. a6 Rb5 38. g4 Qb2 39. a7 1-0

[Event "Vaujany 2019 Principal"]
[Site "?"]
[Date "2019.07.18"]
[Round "8.10"]
[White "Zachary, Matheo"]
[Black "Geher, Koppany"]
[Result "1/2-1/2"]
[WhiteElo "2319"]
[BlackElo "2211"]
[PlyCount "95"]

{[%evp 0,95,29,29,40,37,25,37,11,6,-15,44,45,37,62,65,73,43,51,41,34,26,13,30,
21,19,21,19,32,26,26,19,19,6,18,14,50,17,12,-42,-3,-3,-3,-5,24,-12,102,81,76,
87,80,58,59,62,89,67,70,53,57,58,56,40,34,32,45,38,28,24,20,19,98,40,25,32,47,
0,0,0,0,0,28,0,0,0,0,0,0,0,0,9,11,0,13,-8,-4,-4,-4,-2]} 1. e4 e6 2. d4 d5 3.
Nd2 c5 4. exd5 Qxd5 5. Ngf3 cxd4 6. Bc4 Qd7 7. O-O Nc6 8. Nb3 a6 9. Nbxd4 Nxd4
10. Nxd4 Qc7 11. Bd3 Bd6 12. h3 Nf6 13. c3 O-O 14. Qf3 Bd7 15. Bg5 Nd5 16. Be4
Rae8 17. Rfd1 Bc8 18. Bxd5 exd5 19. Nf5 Bxf5 20. Qxf5 Re5 21. Qg4 h5 22. Qh4
Be7 23. Bxe7 Qxe7 24. Qxe7 Rxe7 25. Kf1 Rd8 26. Rd4 Red7 27. Rad1 Kf8 28. c4
Ke7 29. cxd5 Kd6 30. R1d2 Re8 31. f4 Rde7 32. Kf2 Re4 33. Rxe4 Rxe4 34. Kf3 f5
35. g4 hxg4+ 36. hxg4 g6 37. b3 Re1 38. Kf2 Re4 39. Kg3 a5 40. Rh2 Re3+ 41. Kf2
Rc3 42. Rh6 Kxd5 43. Rxg6 fxg4 44. Rxg4 Ke4 45. Rg7 Kxf4 46. Rxb7 Rc2+ 47. Ke1
Rxa2 48. Kd1 1/2-1/2

[Event "Vaujany 2019 Principal"]
[Site "?"]
[Date "2019.07.18"]
[Round "8.11"]
[White "Gelas, Christophe"]
[Black "Van Foreest, Machteld"]
[Result "1-0"]
[WhiteElo "2317"]
[BlackElo "2058"]
[PlyCount "89"]

{[%evp 0,85,29,34,28,4,4,-3,20,24,34,23,23,21,68,62,59,35,26,24,31,7,54,43,49,
18,20,0,33,33,33,12,34,21,51,26,19,8,20,18,17,1,43,33,133,164,73,74,79,74,95,
99,279,279,279,277,328,320,342,339,336,301,316,316,316,340,552,292,351,358,359,
322,339,307,389,387,383,377,437,439,431,437,507,692,698,698,1076,1090]} 1. d4
Nf6 2. c4 e6 3. Nc3 Bb4 4. e3 O-O 5. Bd3 d5 6. Nf3 c6 7. O-O b6 8. cxd5 cxd5 9.
Ne5 Bb7 10. Qa4 Qe7 11. Bd2 a6 12. a3 Bd6 13. f4 b5 14. Qc2 Nbd7 15. Be1 Rfc8
16. Bh4 Nf8 17. Rf3 Ng6 18. Bg5 Qd8 19. Raf1 Be7 20. Qb1 Nd7 21. Bxe7 Qxe7 22.
Nxd7 Qxd7 23. f5 Nh4 24. Rh3 Nxf5 25. Rxf5 exf5 26. Bxf5 Qc6 27. Bxc8 Bxc8 28.
Qxh7+ Kf8 29. Qh8+ Ke7 30. Rh5 Be6 31. Qxg7 Rc8 32. h3 Kd7 33. Qg5 Kc7 34.
Nxd5+ Kb7 35. Qe7+ Ka8 36. Qc5 Bxd5 37. Qxd5 Qxd5 38. Rxd5 Rc2 39. h4 Rxb2 40.
h5 Rb1+ 41. Kh2 Rc1 42. Rc5 Re1 43. h6 Rxe3 44. Re5 Rc3 45. Re8+ 1-0

[Event "Vaujany 2019 Principal"]
[Site "?"]
[Date "2019.07.18"]
[Round "8.12"]
[White "Paternoster, Thibaud"]
[Black "Najart, David"]
[Result "1-0"]
[WhiteElo "1909"]
[BlackElo "2280"]
[PlyCount "69"]

{[%evp 0,69,29,29,71,53,90,66,73,70,66,19,22,20,22,13,6,29,23,29,-2,19,-4,5,18,
5,6,0,0,1,-10,-6,69,48,47,13,214,215,214,212,169,217,224,143,126,134,134,98,
175,163,180,92,170,282,302,305,695,839,839,872,852,872,2088,29976,29977,29982,
29983,29986,29987,29988,29989,29990]} 1. e4 c5 2. Nf3 d6 3. d4 cxd4 4. Qxd4 a6
5. c4 Nc6 6. Qe3 g6 7. h3 Bg7 8. Be2 Nf6 9. O-O O-O 10. Nc3 Nd7 11. Rb1 a5 12.
b3 Nc5 13. Bb2 f5 14. exf5 Bxf5 15. Rbd1 Qd7 16. g4 Be6 17. Ng5 h6 18. Na4 Nxa4
19. Bxg7 hxg5 20. Bxf8 Rxf8 21. bxa4 Rf4 22. Rfe1 Bf7 23. c5 d5 24. Bb5 d4 25.
Qe2 Kf8 26. Bxc6 bxc6 27. Qe5 Qd5 28. Qh8+ Bg8 29. Rb1 Qd8 30. Qe5 Qd7 31. Rb8+
Kf7 32. Qh8 Rxg4+ 33. hxg4 Qxg4+ 34. Kf1 Qh3+ 35. Qxh3 1-0

[Event "Vaujany 2019 Principal"]
[Site "Vaujany"]
[Date "2019.07.18"]
[Round "8.13"]
[White "Turova, Irina"]
[Black "Trabet, Nicolas"]
[Result "1-0"]
[WhiteElo "2418"]
[BlackElo "2162"]
[PlyCount "105"]
[EventDate "2019.07.??"]
[EventRounds "9"]

1. d4 Nf6 2. c4 c5 3. d5 b5 4. cxb5 a6 5. e3 axb5 6. Bxb5 Qa5+ 7. Nc3 Bb7 8.
Bd2 Qb6 9. Nf3 Nxd5 10. Nxd5 Bxd5 11. a4 e6 12. Bc3 Be7 13. O-O O-O 14. Nd2 Qb7
15. f3 Bc6 16. Qe2 d5 17. Bxc6 Nxc6 18. b3 d4 19. Bb2 Rfd8 20. Rab1 Nb4 21. Nc4
Bf6 22. Rfd1 e5 23. e4 Qe7 24. Ba3 Na6 25. Nb6 Ra7 26. Nd5 Qe6 27. Rbc1 Rxd5
28. exd5 Qxd5 29. Bxc5 Nxc5 30. Qb5 Be7 31. Qb8+ Bf8 32. Qxa7 Qxb3 33. Rb1 Qxa4
34. Qxa4 Nxa4 35. Rb8 g5 36. Ra1 Nc5 37. Ra5 Ne6 38. Rxe5 Kg7 39. Rb7 Kf6 40.
Rd5 Kg6 41. g3 h5 42. Kf2 h4 43. Ke2 hxg3 44. hxg3 Ba3 45. Rb6 Kf6 46. Kd3 Bf8
47. Rc6 Ke7 48. Rxd4 Nxd4 49. Kxd4 Kd7 50. Ra6 g4 51. f4 Bb4 52. Ke5 Be1 53.
Ra3 1-0

[Event "Vaujany 2019 Principal"]
[Site "?"]
[Date "2019.07.18"]
[Round "8.14"]
[White "Le Corre, Benjamin"]
[Black "Fodor, Balazs"]
[Result "0-1"]
[WhiteElo "2280"]
[BlackElo "2154"]
[PlyCount "82"]

{[%evp 0,82,29,29,77,79,64,9,43,29,18,28,12,5,43,47,65,44,67,3,26,29,30,35,23,
21,12,13,43,30,40,33,44,20,28,11,41,36,45,4,-3,-4,-13,-14,-14,-23,-21,-106,5,
-107,6,-102,10,22,70,23,53,61,60,62,62,65,64,64,70,39,73,-61,0,0,63,0,0,0,0,0,
0,0,-43,0,0,0,-331,-323,-396]} 1. e4 c6 2. d4 d5 3. f3 e6 4. Nc3 Bb4 5. Bf4 Nf6
6. Qd3 Nbd7 7. Nge2 O-O 8. a3 Be7 9. g3 b6 10. Bg2 Bb7 11. e5 Ne8 12. Be3 c5
13. f4 f5 14. h3 g6 15. O-O c4 16. Qd1 a6 17. g4 Ng7 18. Ng3 b5 19. g5 Qb6 20.
h4 a5 21. Nce2 b4 22. a4 Qc6 23. h5 Nb6 24. b3 Rac8 25. Ra2 Kf7 26. Kf2 Ba6 27.
Bf3 Nd7 28. Rh1 Rg8 29. hxg6+ hxg6 30. Rh6 cxb3 31. cxb3 Qa8 32. Qh1 Nf8 33.
Nh5 Nxh5 34. Bxh5 Ke8 35. Bxg6+ Rxg6 36. Rxg6 Nxg6 37. Qh5 Kd7 38. Qxg6 Rh8 39.
Kg2 Bxe2 40. Rxe2 Qa6 41. Rd2 Qc8 0-1

[Event "Vaujany 2019 Principal"]
[Site "?"]
[Date "2019.07.18"]
[Round "8.23"]
[White "Kaloczi, Kristof"]
[Black "Chabaud, Mathis"]
[Result "1-0"]
[WhiteElo "2091"]
[BlackElo "1905"]
[PlyCount "93"]

{[%evp 0,93,29,29,71,5,19,21,18,21,21,3,2,1,-7,-1,0,2,10,-33,5,-17,62,40,72,
107,121,103,188,166,207,225,279,279,380,407,450,450,449,348,473,348,386,386,
514,509,524,510,537,510,589,507,616,406,425,440,466,362,359,384,384,347,407,
389,413,270,165,168,249,232,253,265,349,275,340,185,218,143,134,134,333,337,
354,349,442,501,532,381,392,420,399,420,426,442,442,537]} 1. e4 c5 2. c3 Nf6 3.
e5 Nd5 4. Nf3 Nc6 5. Bc4 Nb6 6. Bb3 c4 7. Bc2 d6 8. exd6 Qxd6 9. h3 Bd7 10. Qe2
O-O-O 11. Na3 Be6 12. b3 Qc5 13. O-O Qh5 14. bxc4 g5 15. d4 Bxh3 16. gxh3 g4
17. Nh2 Rg8 18. hxg4 e6 19. Kh1 Qh4 20. Nb5 a6 21. d5 axb5 22. dxc6 Bd6 23.
cxb7+ Kb8 24. f4 h5 25. g5 f6 26. Qf2 Qxf2 27. Rxf2 fxg5 28. cxb5 g4 29. Nf1 h4
30. Kg2 g3 31. Re2 Rg7 32. Be4 h3+ 33. Kh1 Rh8 34. Nxg3 Rxg3 35. Be3 Nc4 36.
Bd4 Rhg8 37. Rg1 Bxf4 38. Bf2 Rxg1+ 39. Bxg1 e5 40. Bd5 Rxg1+ 41. Kxg1 Nd2 42.
c4 Nb1 43. Rh2 Bxh2+ 44. Kxh2 Nc3 45. Kxh3 Nxa2 46. Kg4 Nb4 47. Be4 1-0

[Event "Vaujany 2019 Principal"]
[Site "?"]
[Date "2019.07.18"]
[Round "8.24"]
[White "Thurillet, Vincent"]
[Black "Boux de Casson, Leo"]
[Result "1-0"]
[WhiteElo "2057"]
[BlackElo "1838"]
[PlyCount "55"]

{[%evp 0,55,29,4,4,-63,20,16,16,29,34,13,11,11,5,34,10,12,19,30,29,31,33,33,28,
28,68,52,37,43,46,27,52,36,56,19,23,-13,11,4,-7,-12,153,-24,-6,-2,-15,-15,-15,
-15,-15,49,239,247,247,253,439,352]} 1. c4 Nf6 2. g3 g6 3. Bg2 c5 4. Nf3 Nc6 5.
d4 cxd4 6. Nxd4 Bg7 7. O-O O-O 8. Nc3 Nxd4 9. Qxd4 d6 10. Qd2 Rb8 11. b3 Bd7
12. Bb2 Bc6 13. e4 Nd7 14. Rad1 Nc5 15. h4 h5 16. Rfe1 Kh7 17. f4 Qa5 18. Ba1
Rfd8 19. Qc2 e6 20. Rf1 Qc7 21. Bf3 a6 22. Kg2 b5 23. cxb5 axb5 24. b4 Nd7 25.
Nd5 Qb7 26. Bxg7 Kxg7 27. Ne7 e5 28. Qxc6 1-0

[Event "Vaujany 2019 Principal"]
[Site "?"]
[Date "2019.07.18"]
[Round "8.29"]
[White "Berta, Sandor"]
[Black "Flynn, Jacob"]
[Result "1-0"]
[WhiteElo "2091"]
[BlackElo "1994"]
[PlyCount "97"]

{[%evp 0,90,29,29,80,47,37,20,34,-3,26,18,10,-15,-14,-103,-71,-62,-87,-84,-66,
-67,-55,-45,-26,-60,3,-15,-29,-20,-20,-20,44,9,14,7,7,-25,-25,-14,22,5,2,-22,
13,0,3,1,-14,-23,-10,0,-4,-19,22,-73,31,20,98,92,200,267,320,490,543,555,555,
587,625,207,249,257,354,243,256,256,609,235,230,236,250,252,280,228,301,292,
292,273,300,296,296,316,321]} 1. e4 c6 2. Ne2 d5 3. e5 Bf5 4. Nd4 Bg6 5. h4 h5
6. c3 e6 7. b4 a5 8. b5 c5 9. Nf3 Nd7 10. d3 Qc7 11. Bf4 Ne7 12. Be2 Nb6 13. a4
Bf5 14. O-O Ng6 15. Bg3 Bg4 16. Ng5 Bxe2 17. Qxe2 Be7 18. Nd2 Bxg5 19. hxg5 Ne7
20. Bf4 Nd7 21. c4 Nf8 22. Bh2 Qd8 23. Rac1 b6 24. d4 cxd4 25. cxd5 exd5 26.
Qd3 Ne6 27. Nf3 O-O 28. Nxd4 Nc5 29. Qh3 Ng6 30. Qxh5 Nd3 31. Rc3 Ndf4 32. Bxf4
Nxf4 33. Qg4 Ng6 34. e6 Qd6 35. Rc6 Qe5 36. Nf3 Qe4 37. exf7+ Kxf7 38. Qxe4
dxe4 39. Nd2 Nf4 40. Re1 Rad8 41. Nxe4 Nd5 42. g6+ Kg8 43. Rec1 Nf6 44. Ng5 Rb8
45. Rd1 Rfe8 46. Ne6 Ng4 47. f4 Ne3 48. Rd7 Nf5 49. g4 1-0

[Event "Vaujany 2019 Principal"]
[Site "Vaujany"]
[Date "2019.07.19"]
[Round "9.1"]
[White "Bailet, Pierre"]
[Black "Turov, Maxim"]
[Result "1/2-1/2"]
[WhiteElo "2494"]
[BlackElo "2566"]
[PlyCount "59"]
[EventDate "2019.07.??"]
[EventRounds "9"]

1. Nf3 Nf6 2. c4 e6 3. g3 a6 4. Bg2 b5 5. d3 Bb7 6. O-O bxc4 7. dxc4 Be7 8. Nc3
O-O 9. b3 Ne4 10. Nxe4 Bxe4 11. Bb2 c5 12. Qd2 a5 13. Rfd1 Ra6 14. Qe3 Ba8 15.
Rd3 a4 16. Rad1 axb3 17. axb3 f6 18. Nd2 Bxg2 19. Kxg2 Qc7 20. Ne4 Qc6 21. Qf3
Rc8 22. Nc3 Qxf3+ 23. Kxf3 Rb6 24. Nb5 d5 25. e3 Rb7 26. Ra1 Kf7 27. Ra8 Rc6
28. Rd1 Ra6 29. Rxa6 Nxa6 30. Ke2 1/2-1/2

[Event "Vaujany 2019 Principal"]
[Site "?"]
[Date "2019.07.19"]
[Round "9.2"]
[White "Sundararajan, Kidambi"]
[Black "Neelotpal, Das"]
[Result "0-1"]
[WhiteElo "2413"]
[BlackElo "2406"]
[PlyCount "72"]

{[%evp 0,72,29,21,24,19,13,4,42,22,31,20,21,7,62,41,51,44,44,44,47,45,42,26,25,
18,40,40,44,13,18,9,1,11,34,12,22,8,8,-80,-70,-84,-84,-85,-62,-65,-82,-95,-95,
-103,-76,-84,-74,-152,-157,-199,-189,-188,-234,-265,-285,-285,-317,-310,-314,
-309,-316,-315,-315,-319,-321,-315,-314,-314,-329]} 1. Nf3 d5 2. e3 Nf6 3. c4
c5 4. cxd5 Nxd5 5. Nc3 Nc6 6. Bb5 Nxc3 7. bxc3 Bd7 8. d4 e6 9. O-O Be7 10. Rb1
O-O 11. c4 cxd4 12. exd4 Bf6 13. Be3 Ne7 14. Qa4 Bxb5 15. Qxb5 b6 16. Rfd1 Qc7
17. d5 exd5 18. cxd5 Rfd8 19. g3 Qb7 20. Bg5 Bxg5 21. Nxg5 Rxd5 22. Rxd5 Qxd5
23. a4 h6 24. Re1 Qxb5 25. axb5 Nd5 26. Re5 Nc3 27. Nh3 f6 28. Re7 Nxb5 29. Nf4
a5 30. Nd5 a4 31. Nxb6 Ra6 32. Nd5 a3 33. Re1 a2 34. Ra1 Nd4 35. Nb4 Ra4 36.
Nxa2 Nc2 0-1

[Event "Vaujany 2019 Principal"]
[Site "?"]
[Date "2019.07.19"]
[Round "9.3"]
[White "Di Nicolantonio"]
[Black "Satyapragyan"]
[Result "0-1"]
[WhiteElo "2396"]
[BlackElo "2390"]
[PlyCount "64"]

1. f4 Nf6 2. Nf3 g6 3. g3 Bg7 4. Bg2 O-O 5. O-O d6 6. d3 c5 7. e4 c4 8. e5 dxe5
9. fxe5 Nd5 10. d4 Nc6 11. Qe2 Bf5 12. Qxc4 Rc8 13. Qe2 Qb6 14. c3 Bxb1 15.
Rxb1 Nxc3 16. bxc3 Qxb1 17. Be3 Qf5 18. Ng5 Qd7 19. Rxf7 Rxf7 20. e6 Qd6 21.
exf7+ Kh8 22. Qg4 Rf8 23. Qh3 h5 24. g4 Qd7 25. d5 Nd8 26. Bf3 Bf6 27. Ne6 Rxf7
28. gxh5 Rh7 29. Qg2 Nxe6 30. hxg6 Rg7 31. Bg4 Rxg6 32. Qh3+ Kg7 {...} 0-1

[Event "Vaujany 2019 Principal"]
[Site "Vaujany"]
[Date "2019.07.19"]
[Round "9.4"]
[White "Joie, Sebastien"]
[Black "Bokros, Albert"]
[Result "1/2-1/2"]
[WhiteElo "2402"]
[BlackElo "2472"]
[PlyCount "46"]
[EventDate "2019.07.??"]
[EventRounds "9"]

1. c4 e5 2. Nc3 Nf6 3. Nf3 Nc6 4. e4 Bb4 5. d3 d6 6. a3 Ba5 7. b4 Bb6 8. Na4
Bg4 9. Nxb6 axb6 10. Bb2 Nd7 11. Be2 Bxf3 12. Bxf3 Qf6 13. Bg4 Nf8 14. O-O h5
15. Bf5 g6 16. Bh3 g5 17. Bf5 Ne6 18. Bxe6 fxe6 19. Qd2 Rf8 20. Qe2 Qg6 21. Qd2
Qf6 22. Qe2 Qg6 23. Qd2 Qf6 1/2-1/2

[Event "Vaujany 2019 Principal"]
[Site "Vaujany"]
[Date "2019.07.19"]
[Round "9.5"]
[White "Konguvel, Ponnuswamy"]
[Black "Horvath, Jozsef"]
[Result "1-0"]
[WhiteElo "2343"]
[BlackElo "2451"]
[PlyCount "57"]
[EventDate "2019.07.??"]
[EventRounds "9"]

1. e4 c6 2. d4 d5 3. Nc3 dxe4 4. Nxe4 Bf5 5. Ng3 Bg6 6. h4 h6 7. Nf3 Nf6 8. Ne5
Bh7 9. Bd3 Bxd3 10. Qxd3 e6 11. Bd2 Nbd7 12. Ng6 fxg6 13. Qxg6+ Ke7 14. Bb4+ c5
15. dxc5 Qc7 16. c6+ Kd8 17. Bxf8 Nxf8 18. cxb7 Rb8 19. Rd1+ Nd5 20. Qe4 Nd7
21. O-O Re8 22. Rfe1 Qxb7 23. c4 N5f6 24. Qg6 Re7 25. Ne2 Kc8 26. Nd4 Nf8 27.
Qg3 a6 28. Qd6 Ne8 29. Qd8+ 1-0

[Event "Vaujany 2019 Principal"]
[Site "Vaujany"]
[Date "2019.07.19"]
[Round "9.6"]
[White "Womacka, Mathias"]
[Black "Gelas, Christophe"]
[Result "1/2-1/2"]
[WhiteElo "2448"]
[BlackElo "2317"]
[PlyCount "103"]
[EventDate "2019.07.??"]
[EventRounds "9"]

1. e4 e6 2. d4 d5 3. Nd2 Nc6 4. Ngf3 Nf6 5. e5 Nd7 6. Bd3 f6 7. exf6 Qxf6 8.
Nf1 e5 9. Ne3 exd4 10. Nxd5 Qe6+ 11. Qe2 Qxe2+ 12. Bxe2 Bd6 13. Bf4 Bxf4 14.
Nxf4 Nb6 15. O-O-O O-O 16. g3 Bd7 17. Rhe1 Rae8 18. Nxd4 g5 19. Nxc6 gxf4 20.
Nd4 fxg3 21. fxg3 Rf2 22. Bd3 Rxe1 23. Rxe1 c5 24. Ne2 Bc6 25. Nf4 Rxh2 26. b3
Kf7 27. Ne6 c4 28. bxc4 Kf6 29. Nd4 Rh1 30. Rxh1 Bxh1 31. c5 Nd7 32. Bxh7 Nxc5
33. Kd2 Kg5 34. Ke3 Kg4 35. Ne2 b6 36. a3 Bg2 37. Kf2 Bd5 38. Nd4 Be4 39. Bg8
Bg6 40. Bd5 Be4 41. Bc4 Bg6 42. Be2+ Kg5 43. Bf3 Na4 44. Ke3 Nc3 45. Nc6 Nb1
46. Nxa7 Nxa3 47. c3 b5 48. Nc6 Nb1 49. Kd4 Bh5 50. Be4 Nxc3 51. Kxc3 Kg4 52.
Nd4 1/2-1/2

[Event "Vaujany 2019 Principal"]
[Site "Vaujany"]
[Date "2019.07.19"]
[Round "9.8"]
[White "Varga, Zoltan"]
[Black "Paternoster, Thibaud"]
[Result "1-0"]
[WhiteElo "2445"]
[BlackElo "1909"]
[PlyCount "61"]
[EventDate "2019.07.??"]
[EventRounds "9"]

1. c4 Nf6 2. d4 e6 3. Nf3 d5 4. g3 Be7 5. Bg2 O-O 6. O-O Nbd7 7. Nbd2 c6 8. Qc2
Qc7 9. b3 b6 10. cxd5 exd5 11. Bb2 Bb7 12. Rac1 Rac8 13. Ne5 Nxe5 14. dxe5 Nd7
15. Bh3 Bc5 16. Nf3 Rfe8 17. e4 dxe4 18. Qxe4 Nf8 19. Bxc8 Qxc8 20. Nh4 Ne6 21.
Nf5 Bf8 22. Qg4 Qc7 23. Rcd1 Ba8 24. Nd6 Rb8 25. Rd3 c5 26. f3 b5 27. Rc1 c4
28. bxc4 bxc4 29. Qxc4 Bxd6 30. exd6 Qb7 31. Rb3 1-0

[Event "Vaujany 2019 Principal"]
[Site "Vaujany"]
[Date "2019.07.19"]
[Round "9.9"]
[White "O'Gorman, Tom"]
[Black "Turova, Irina"]
[Result "0-1"]
[WhiteElo "2227"]
[BlackElo "2418"]
[PlyCount "68"]
[EventDate "2019.07.??"]
[EventRounds "9"]

1. e4 e5 2. Nf3 Nc6 3. Bb5 a6 4. Ba4 Nge7 5. O-O g6 6. c3 Bg7 7. d4 exd4 8.
cxd4 b5 9. Bb3 O-O 10. Nc3 Na5 11. Bc2 d6 12. h3 Bb7 13. Bg5 h6 14. Bf4 f5 15.
exf5 Nxf5 16. Ne4 Nc4 17. Bc1 Qd7 18. a4 Nb6 19. h4 Rae8 20. Re1 Nxa4 21. h5 g5
22. Qd3 g4 23. Nh2 d5 24. Nf6+ Rxf6 25. Rxe8+ Qxe8 26. Nxg4 Rf7 27. Ne3 Bc8 28.
b3 Nc5 29. dxc5 Bxa1 30. Qxd5 Qe6 31. Qd8+ Rf8 32. Qxc7 Be5 33. Qa7 Qf7 34. Qb6
Nd4 0-1

[Event "Vaujany 2019 Principal"]
[Site "?"]
[Date "2019.07.19"]
[Round "9.12"]
[White "Geher, Koppany"]
[Black "Li, Henry"]
[Result "0-1"]
[WhiteElo "2211"]
[BlackElo "2249"]
[PlyCount "62"]

1. e4 e5 2. Nf3 Nc6 3. Bb5 a6 4. Ba4 Nf6 5. d3 d6 6. c3 g6 7. Bg5 Bg7 8. O-O h6
9. Bh4 O-O 10. Nbd2 b5 11. Bc2 Re8 12. Re1 Bb7 13. Nf1 Nb8 14. Bxf6 Qxf6 15. a4
Nd7 16. b4 c6 17. Bb3 d5 18. Qe2 Qd6 19. Qa2 a5 20. bxa5 Rxa5 21. Qc2 Rea8 22.
Ra2 Nc5 23. Rea1 bxa4 24. Bxa4 Ba6 25. d4 Nxe4 26. dxe5 Qc5 27. Nd4 Bc4 28. Ra3
Bxe5 29. Nxc6 Rxa4 30. Rxa4 Rxa4 31. Rxa4 Qxc6 0-1